Tourist Attractions in Italy - Part I - Statistics

General Stats
  • This quiz has been taken 38 times
  • The average score is 6 of 16
Answer Stats
Picture Answer % Correct
Colosseum
97%
Leaning Tower of Pisa
82%
Trevi Fountain
73%
Pantheon
61%
Lake Como
58%
Pompeii
45%
Cinque Terre
42%
Amalfi coast
39%
Tuscany
39%
Dolomites
36%
Grand Canal
24%
St Peters Basilica
15%
Lake Resia
3%
Dolceacqua
0%
Earth Pyramids
0%
Scanno
0%
No matching quizzes found
Score Distribution
Percent of People with Each Score
Percentile by Number Answered
Your Score History
You have not taken this quiz